Web Archiv - Kalte Heimat
| Titel: | Web Archiv - Kalte Heimat : Internet-Informationen zu den ehemaligen Deutschen Ostgebieten (Ostpreußen, Land der der dunklen Wälder, Ostpreußen Info, Königsberger Schloß, Königsberger Orgeln, Masurische Vereinigung, Melodien - Skaldenland, GeAGNO - Salzburger, Bildarchiv, Ostsicht, Wasserbau, Ostpreußen-Reise, Ostpreußen-Radtour, Preußen Regionalgeschichte, Eastern Germany, Horlacher - Prussia 2000, Galindia - Castles, Marienburg, Hauptstadt Königsberg, LVO-NRW) |
|---|---|
| Ausgabe: | Stand: 26.12.2003 |
| Veröffentlicht: | [Erscheinungsort nicht zu ermitteln] : Kreisgemeinschaft Johannisburg, Archiv, [Stand: 26.12.2003] |
| Umfang: | 1 CD-ROM ; 12 cm |
| Format: | Keine Angabe |
| Sprache: | Deutsch |
X
alg: 45070091 001A $03004:11-07-19 001B $03025:29-10-25 $t12:47:08.000 001D $03004:11-07-19 001U $0utf8 001X $00 002@ $0Say 002C $aText $btxt $2rdacontent 002D $aComputermedien $bc $2rdamedia 002E $aComputerdisk $bcd $2rdacarrier 003@ $0450700917 003O $01107878602 $aOCoLC 007A $0450700917 $aHEB 010@ $ager 010E $erda 011@ $a2003 $n[Stand: 26.12.2003] 013D $RPortal $#Web sites $#Sites Web $#Siti web $#Páginas Web $#Website $#Website $#Website $#Web Site $#Web-Standort $#Web-Ort $#Webauftritt $#Internetauftritt $#Netzstelle Internet $#Site Internet $#Web-Präsenz $#Webseite Internetauftritt $#Web-Seite Internetauftritt $#WWW-Seite Internetauftritt $#World Wide Web Web Site $#Websites $74596172-4 $8Website [Ts1] $909252074X $y2003 021A $aWeb Archiv - Kalte Heimat $dInternet-Informationen zu den ehemaligen Deutschen Ostgebieten (Ostpreußen, Land der der dunklen Wälder, Ostpreußen Info, Königsberger Schloß, Königsberger Orgeln, Masurische Vereinigung, Melodien - Skaldenland, GeAGNO - Salzburger, Bildarchiv, Ostsicht, Wasserbau, Ostpreußen-Reise, Ostpreußen-Radtour, Preußen Regionalgeschichte, Eastern Germany, Horlacher - Prussia 2000, Galindia - Castles, Marienburg, Hauptstadt Königsberg, LVO-NRW) 032@ $aStand: 26.12.2003 033A $p[Erscheinungsort nicht zu ermitteln] $nKreisgemeinschaft Johannisburg, Archiv 034D $a1 CD-ROM 034I $a12 cm 044K $RPreußen $RDeutsche Ostgebiete $RDeutschland $RDeutschland $RDeutschland $#Deutschland, Ost $#Ostelbien $#Mitteldeutschland Ostdeutschland $74225299-4 $8Ostdeutschland [Tg1] $9086170732 044K $REhemalige deutsche Gebiete $ROder-Neiße-Linie $ROstdeutschland $#Ehemalige deutsche Ostgebiete $#Ostgebiete des Deutschen Reiches $#Kresy wschodnie byłe niemieckie $#Eastern Territories Former German $#Ziemie Zachodnie i Północne $74070350-2 $8Deutsche Ostgebiete [Tg1] $9085197912 044K $#Informationsmittel $74497180-1 $8Informationsmaterial [Ts1] $9089158970 044K $#Ostpreußen $#Ostpreußen $#Provinz Ostpreußen $74075754-7 $8Ostpreußen [Tg1] $9085214493 044K $#Königsberg Preußen $#Königsberg i. Pr. $#Königsberg Pr. $#Königsberg in Ostpreußen $#Königsberg Ostpreußen $#Königsberg (Pr.) $#Königsberg Pregel $#Stadtgemeinde Königsberg $#Königsbergk $#Kaliningrad $#Karaliánčins $#Krulevec $#Karaláuczuje $#Królewiec $#Karaliaučius $#Regimontanus $#Regiomontium $#Regiomontum $#Regiomontum Borussiae $#Калининград $74031541-1 $8Königsberg [Tg1] $908508364X 044K $#Mazury $74037914-0 $8Masuren [Tg1] $9085103527 044K $RMarienburg $#Marienburg Westpreußen $71148108955 $8Malbork [Tg1] $9423704907 044K $RKosmografie $#Geography $#Géographie appliquée $#Regionalkunde $74073972-7 $8Landeskunde [Ts1] $9085208191 045F $a910.9438320904 $eDDC23BSB 045F/01 $a910 045F/03 $f0904 045F/03 $f0900511 045F/03 $g43832 lok: 45070091 24 exp: 45070091 24 1 #EPN 201B/01 $004-05-20 $t14:01:47.000 201C/01 $011-07-19 201U/01 $0utf8 203@/01 $01055455094 208@/01 $a04-05-20 $bz 209A/01 $aERes 903 $du $f050 $hERES 903 $x00 209C/01 $a19.03701 G $h19 03701 G 209G/01 $a74165753 $x00 220C/01 $ahae 247C/01 $8358050-7Marburg, Bibliothek des Herder-Instituts Marburg $9102600961 lok: 45070091 78 exp: 45070091 78 1 #EPN 201B/01 $029-10-25 $t12:47:08.000 201C/01 $029-10-25 201U/01 $0utf8 203@/01 $01320624812 208@/01 $a29-10-25 $be 209A/01 $a/ $f000 $x00 209A/01 $ab*p $x01 220C/01 $apgar 244Z/01 $#Generalgouvernement Polen $#Polska $#Rzeczpospolita Polska $#Polska Rzeczpospolita Ludowa $#Poland $#Pologne $#République Polonaise $#Generalne Gubernatorstwo w Polsce $#Polish People's Republic $#Polska Rzeczpospolita Polen $#PRL $#RP $#Polen Generalgouvernement $#Polska Generalgouvernement $#Besetzte Polnische Gebiete $#Besetztes Gebiet in Polen $#Okupowane Polskie Obszary $#Obszary Okupowane w Polsce $#Volksrepublik Polen $#Polska Rosyjska $#Republic Polen $#Respublika Pol'ša $#Pol'skaja Narodnaja Respublika $#République de Pologne $#Polen Links der Weichsel $#Polska po Lewej Stronie Wisły $#Lenkija $#Polija $#Gubernija Carstva Pol'skago $#Republik Polen $74046496-9 $8--Tg1--Polen $x01 $9085129801 244Z/01 $#Preußen $#Preußen $#Brandenburg-Preußen $#Königreich Preußen $#Preußische Staaten $#Preußischer Staat $#Der @Preußische Staat $#Königlich Preußische Staaten $#Prusy Królewskie $#Königlich Preußen $#Prussia $74047194-9 $8--Tg1--Preußen $x06 $9085131652 247C/01 $82080>Marburg/Lahn, Herder-Institut, Forschungsbibliothek, Bibliographieportal $9336309341
| LEADER | 00000cai a22000002c 4500 | ||
|---|---|---|---|
| 001 | 450700917 | ||
| 003 | DE-603 | ||
| 005 | 20251029124708.0 | ||
| 007 | c||||||||||||| | ||
| 008 | 190711s2003 xx u| w|q 0 |1ger c | ||
| 035 | |a (DE-599)HEB450700917 | ||
| 035 | |a (OCoLC)1107878602 | ||
| 040 | |a DE-603 |b ger |c DE-603 |d DE-603 |e rda | ||
| 041 | |a ger | ||
| 082 | 0 | 4 | |8 1\u |a 910.9438320904 |q DE-101 |2 23/BSB |
| 085 | |8 1\u |b 910 | ||
| 085 | |8 1\u |z 1 |s 0904 | ||
| 085 | |8 1\u |z 1 |s 0900511 | ||
| 085 | |8 1\u |z 2 |s 43832 | ||
| 245 | 0 | 0 | |a Web Archiv - Kalte Heimat |b Internet-Informationen zu den ehemaligen Deutschen Ostgebieten (Ostpreußen, Land der der dunklen Wälder, Ostpreußen Info, Königsberger Schloß, Königsberger Orgeln, Masurische Vereinigung, Melodien - Skaldenland, GeAGNO - Salzburger, Bildarchiv, Ostsicht, Wasserbau, Ostpreußen-Reise, Ostpreußen-Radtour, Preußen Regionalgeschichte, Eastern Germany, Horlacher - Prussia 2000, Galindia - Castles, Marienburg, Hauptstadt Königsberg, LVO-NRW) |
| 250 | |a Stand: 26.12.2003 | ||
| 264 | 1 | |a [Erscheinungsort nicht zu ermitteln] |b Kreisgemeinschaft Johannisburg, Archiv |c [Stand: 26.12.2003] | |
| 300 | |a 1 CD-ROM |c 12 cm | ||
| 336 | |a Text |b txt |2 rdacontent | ||
| 337 | |a Computermedien |b c |2 rdamedia | ||
| 338 | |a Computerdisk |b cd |2 rdacarrier | ||
| 650 | 7 | |a Informationsmaterial |0 (DE-588)4497180-1 |0 (DE-603)089158970 |2 gnd | |
| 650 | 7 | |a Landeskunde |0 (DE-588)4073972-7 |0 (DE-603)085208191 |2 gnd | |
| 651 | 7 | |a Ostdeutschland |0 (DE-588)4225299-4 |0 (DE-603)086170732 |2 gnd | |
| 651 | 7 | |a Deutsche Ostgebiete |0 (DE-588)4070350-2 |0 (DE-603)085197912 |2 gnd | |
| 651 | 7 | |a Ostpreußen |0 (DE-588)4075754-7 |0 (DE-603)085214493 |2 gnd | |
| 651 | 7 | |a Königsberg |0 (DE-588)4031541-1 |0 (DE-603)08508364X |2 gnd | |
| 651 | 7 | |a Masuren |0 (DE-588)4037914-0 |0 (DE-603)085103527 |2 gnd | |
| 651 | 7 | |a Malbork |0 (DE-588)1148108955 |0 (DE-603)423704907 |2 gnd | |
| 655 | 7 | |a Website |y 2003 |2 gnd-content |0 (DE-588)4596172-4 |0 (DE-603)09252074X | |
| 924 | 0 | |9 Mb 50 |a (DE-603)1055455094 |b DE-Mb50 |c HES |d c |g ERes 903 | |
| 924 | 0 | |9 2080 |a (DE-603)1320624812 |b DE-2080 |c HES |d d |g / | |


